Cost accounting (Record no. 62543)

MARC details
000 -LEADER
fixed length control field 00785nam a2200193 a 4500
008 - FIXED-LENGTH DATA ELEMENTS--GENERAL INFORMATION
fixed length control field 120416s1984 ||||||||||||||||| || u
020 ## - INTERNATIONAL STANDARD BOOK NUMBER
International Standard Book Number 0060446145
050 ## - LIBRARY OF CONGRESS CALL NUMBER
Classification number HF 5686.C8 Mor
100 ## - MAIN ENTRY--PERSONAL NAME
Personal name Moriarity, Shane, 1944-
245 10 - TITLE STATEMENT
Title Cost accounting
260 ## - PUBLICATION, DISTRIBUTION, ETC.
Place of publication, distribution, etc. New York :
Name of publisher, distributor, etc. Harper & Row
Date of publication, distribution, etc. 1984
300 ## - PHYSICAL DESCRIPTION
Extent xxi, 970p. : ill.
350 ## -
-- 0.00
650 #0 - SUBJECT ADDED ENTRY--TOPICAL TERM
Topical term or geographic name entry element ACCOUNTING--HANDBOOKS, MANUALS, ETC
650 #0 - SUBJECT ADDED ENTRY--TOPICAL TERM
Topical term or geographic name entry element COST ACCOUNTING
700 ## - ADDED ENTRY--PERSONAL NAME
Personal name Allen, Carl P
995 ## -
-- MAIN LIBRARY OPEN ACCESS
-- 0.00
-- 708581
-- CBU-MAIN LIBRARY (Kitwe)
-- 1
-- 13.95
-- HF 5686.C8 Mor
-- 1
-- AVAILABLE
-- 007207
-- Main Library Open Access Collection
995 ## -
-- MAIN LIBRARY OPEN ACCESS
-- 0.00
-- 70852
-- CBU-MAIN LIBRARY (Kitwe)
-- 2
-- 13.95
-- HF 5686.C8 Mor
-- 2
-- AVAILABLE
-- 007208
-- Main Library Open Access Collection
999 ## -
-- 62543
-- 62543
Holdings
Withdrawn status Lost status Source of classification or shelving scheme Damaged status Not for loan Permanent Location Current Location Shelving location Date acquired Total Checkouts Full call number Barcode Date last seen Price effective from Koha item type Date last checked out
          CBU-MAIN LIBRARY, KITWE. CBU-MAIN LIBRARY, KITWE.   12/13/2022   HF 5686.C8 Mor 007207 12/13/2022 12/13/2022 MONOGRAPH  
          CBU-MAIN LIBRARY, KITWE. CBU-MAIN LIBRARY, KITWE.   12/13/2022 1 HF 5686.C8 Mor 007208 02/28/2024 12/13/2022 MONOGRAPH 02/15/2024